000 00905nam a22002537a 4500
003 NyNyJPI
005 20260414175327.0
008 260409b |||||||| |||| 00| 0 eng d
020 _a9798275811278
040 _cIJP
100 _aSzczesny, Paul
245 _aMemoir of a Polish Wanderer
_bTranslated from the Journal of Jozef Jagusiak
_cPaul Szczesny.
260 _aColumbia, South Carolina
_bPaul M. Szczesny (self publishing)
_c2025
300 _ap. VI, [1] , 171, [1] :
_b23 cm.
600 _aJagusiak, Jozef
610 _aWorld War II, 1939-1945
_xPrisoners, prisons, and concentration camps
_zSoviet Union
610 _aPolish refugees
_xHistory
_y20th century
_zMexico
610 _aPersonal narratives
_xForced labor
650 _aPoland
_xHistory
_yOcupation, 1939-1945
650 _aSoviet Union
650 _aSanta Rosa (Guanajuato, Mexico)
655 _aWar memoirs
942 _2z
_cBK
_n0
999 _c91089
_d91089